000 00645nam a2200229 a 4500
001 BRL_862
005 20190320210929.0
008 211013s1966----mx-#######---#000-0#spa-#
041 _aspa
044 _amx
050 4 _aPQ7297
_b.T68 1966
100 1 _aTovar, Juan
_925165
245 1 0 _aLos Misterios del Reino
_bCuentos
_cJuan Tovar.
260 _aXalapa, Veracruz
_bUniversidad Veracruzana
_c1966
300 _a189 p.
_c20 cm.
440 0 _aFicción
_v71
_925166
500 _aAu954
500 _aEstado físico: Desprendimiento de la cubierta del lomo.
650 1 4 _aCuentos mexicanos
_ySiglo XX
_925042
902 _aGRL
942 _2lcc
_cB
999 _c9674
_d9674